| 000 | 00399nam a2200169Ia 4500 | ||
|---|---|---|---|
| 008 | 240729s9999 xx 000 0 und d | ||
| 022 | _a1899-8526 | ||
| 245 | 0 | _aMineralogia | |
| 260 | _aPoland | ||
| 260 | _bSciendo | ||
| 650 | _a Geology | ||
| 650 | _a Mineralogy | ||
| 650 | _aScience | ||
| 856 | _uhttps://doaj.org/toc/2f52cfb16a6e4e82ac6a9b4aae09686f | ||
| 942 | _2ddc | ||
| 942 | _cDOAJEJ | ||
| 999 |
_c72985 _d72985 |
||
| 945 |
_a1 _bMadushi Gamage _c1 _dMadushi Gamage |
||